| 000 | 00477pab a2200181 454500 | ||
|---|---|---|---|
| 008 | 180718b2010 xxu||||| |||| 00| 0 eng d | ||
| 100 | _aLele, Sharachchandra | ||
| 245 | _aA structure for environment governance: a perspective | ||
| 260 | _c2010 | ||
| 300 | _ap.13-16. | ||
| 362 | _a6 Feb | ||
| 650 | _aEnvironmental conservation | ||
| 700 | _aDixit, Shantanu | ||
| 700 | _aDubash, Navroz K. | ||
| 773 | _aEconomic and Political Weekly | ||
| 908 | _aN | ||
| 909 | _a85688 | ||
| 999 |
_c85688 _d85688 |
||